الموسوعة في قواعد تكوين البيت المسلم : أسس البناء و سبل التحصين / (رقم التسجيلة. 115630)

تفاصيل مارك
000 -LEADER
fixed length control field 00633nam a22001817a 4500
005 - DATE AND TIME OF LATEST TRANSACTION
control field 20251108174707.0
008 - FIXED-LENGTH DATA ELEMENTS--GENERAL INFORMATION
fixed length control field 250721s2008 xx 000 0 ara d
082 14 - DEWEY DECIMAL CLASSIFICATION NUMBER
Classification number م/216.53/مرس
100 1# - MAIN ENTRY--PERSONAL NAME
Personal name مرسي، أكرم رضا
245 10 - TITLE STATEMENT
Title الموسوعة في قواعد تكوين البيت المسلم : أسس البناء و سبل التحصين /
264 1# - PRODUCTION, PUBLICATION, DISTRIBUTION, MANUFACTURE, AND COPYRIGHT NOTICE
Place of production, publication, distribution, manufacture شبرا :
Name of producer, publisher, distributor, manufacturer دار الأندلس الجديدة للنشر و التوزيع،
Date of production, publication, distribution, manufacture, or copyright notice 2008.
300 ## - PHYSICAL DESCRIPTION
Extent 893ص.
650 17 - SUBJECT ADDED ENTRY--TOPICAL TERM
Topical term or geographic name as entry element الاسره
650 17 - SUBJECT ADDED ENTRY--TOPICAL TERM
Topical term or geographic name as entry element التربيه الاسلاميه
650 17 - SUBJECT ADDED ENTRY--TOPICAL TERM
Topical term or geographic name as entry element الاسلام
942 ## - ADDED ENTRY ELEMENTS (KOHA)
Source of classification or shelving scheme Dewey Decimal Classification
Koha item type مراجع
المقتنيات
حالة السحب حالة الفقدان مصدر التصنيف حالة التلف غير قابل للإعارة المكتبة الرئيسية المكتبة الحالية موقع الرف تاريخ التزويد الرقم المتسلسل Total Checkouts رقم الإستدعاء الباركود تاريخ آخر ظهور تاريخ الفاتورة نوع المادة (كوها)
    Dewey Decimal Classification   Not For Loan المكتبة المركزية المكتبة المركزية مراجع 28/07/2025 1249040   م/216.53/مرس PLD00063628 28/07/2025 28/07/2025 مراجع
    Dewey Decimal Classification   Not For Loan مكتبة أبو علندا العامة مكتبة أبو علندا العامة مراجع 07/01/2009 1249042   م/216.53/مرس PLD00063659 28/07/2025 07/01/2009 مراجع
    Dewey Decimal Classification   Not For Loan مكتبة الأميرة ايمان العامة مكتبة الأميرة ايمان العامة مراجع 07/01/2009 1249044   م/216.53/مرس PLD00063661 28/07/2025 07/01/2009 مراجع
    Dewey Decimal Classification     مكتبة الأميرة سلمى مكتبة الأميرة سلمى الإعارة 25/02/2016 12490403   م/216.53/مرس PLD00376062 28/07/2025 25/02/2016 مراجع
    Dewey Decimal Classification   Not For Loan مكتبة الاميرة بديعة مكتبة الاميرة بديعة مراجع 07/01/2009 1249045   م/216.53/مرس PLD00063662 28/07/2025 07/01/2009 مراجع
    Dewey Decimal Classification   Not For Loan مكتبة الحسن العامة مكتبة الحسن العامة مراجع 07/01/2009 1249047   م/216.53/مرس PLD00063664 28/07/2025 07/01/2009 مراجع
    Dewey Decimal Classification   Not For Loan مكتبة النصر العامة مكتبة النصر العامة مراجع 07/01/2009 1249049   م/216.53/مرس PLD00063666 28/07/2025 07/01/2009 مراجع
Implemented & Customized by: BBB with SCIT (Smart Chains for Information Technology)

Powered by Koha